书目信息 |
| 题名: |
数字信号处理教程习题分析与解答
|
|
| 作者: | 程佩青 , 程佩青 编著 | |
| 分册: | ||
| 出版信息: | 北京 清华大学出版社 2004.11 |
|
| 页数: | 148页 | |
| 开本: | 26cm | |
| 丛书名: | ||
| 单 册: | ||
| 中图分类: | TN911.72-44 | |
| 科图分类: | ||
| 主题词: | 数字信号处理--Shu Zi Xin Hao Chu Li--高等学校--解题 | |
| 电子资源: | http://202.119.8.8:4295/disk2/TN911.72-44-2.vcd | |
| ISBN: | 7-900641-59-9 | |
| 000 | 01143cam 2200325 450 | |
| 001 | CAL 012002192932 | |
| 005 | 20050703160019.31 | |
| 010 | @a7-900641-59-9@dCNY 19.00 | |
| 092 | @b02-612-122 | |
| 099 | @aCAL 012002192932 | |
| 100 | @a20020928d2002 ekmy1chiy0121 ea | |
| 101 | 0 | @achi |
| 102 | @aCN@b110000 | |
| 105 | @aa z 000yy | |
| 200 | 1 | @a数字信号处理教程习题分析与解答@Ashu zi xin hao chu li jiao cheng xi ti fen xi yu jie da@f程佩青编@Fcheng pei qing bian |
| 210 | @a北京@c清华大学出版社@d2004.11 | |
| 215 | @a148页@c图@d26cm@e光盘1片 | |
| 311 | @a本书是《数字信号处理教程》第二版的习题分析与解答配套教材 | |
| 488 | 0 | @12001 @a数字信号处理教程@1205 @a第2版 |
| 606 | 0 | @a数字信号处理@AShu Zi Xin Hao Chu Li@x高等学校@j解题 |
| 690 | @aTN911.72-44@v4 | |
| 701 | 0 | @a程佩青@ACheng Pei Jing@4编著 |
| 701 | 0 | @a程佩青@Acheng pei qing@4编 |
| 801 | 0 | @aCN@bFDU@c20050703 |
| 801 | 2 | @aCN@bCCAU@c20021009 |
| 801 | 2 | @aCN@bNUL@c20021021 |
| 856 | 4 | @a数字信号处理教程习题分析与解答@uhttp://202.119.8.8:4295/disk2/TN911.72-44-2.vcd |
| 905 | @a10447@dTN911.72-44@eC750 | |
| 906 | @dCNY19.00@n0@r1 | |
| 998 | @aFDU | |
| 数字信号处理教程习题分析与解答/程佩青编.-北京:清华大学出版社,2004.11 |
| 148页:图;26cm+光盘1片 |
| ISBN 7-900641-59-9:CNY 19.00 |
| ● |
| 相关链接 |
|
|
|
正题名:数字信号处理教程习题分析与解答
索取号:TN911.72-44/C750
 
预约/预借
| 序号 | 登录号 | 条形码 | 馆藏地/架位号 | 状态 | 备注 |
| 1 | 550457 | 205504578 | 自科库301/301自科库 28排1列4层/ [索取号:TN911.72-44/C750] | 在馆 | |
| 2 | 550458 | 205504587 | 自科库301/301自科库 36排2列2层/ [索取号:TN911.72-44/C750] | 在馆 | |
| 3 | 550459 | 205504596 | 自科库301/301自科库 36排2列2层/ [索取号:TN911.72-44/C750] | 在馆 |